Reflexões sobre o novo código de processo civil / (Record no. 721)

MARC details
000 -LÍDER
Campo Fixo de Controle 01008nam a2200277 a 4500
001 - NÚMERO DE CONTROLE
Campo de Controle 721
003 - IDENTIFICAÇÃO DO NÚMERO DE CONTROLE
Campo de Controle BR-CuiBMT
005 - DATA E HORA DA ÚLTIMA ATUALIZAÇÃO
Campo de Controle 20231130002947.0
008 - DADOS FIXOS
Dados Fixos 231113s2016 dfba 000 0 por d
020 ## - INTERNATIONAL STANDARD BOOK NUMBER
Nº do ISBN 9788588652958 v. 1
020 ## - INTERNATIONAL STANDARD BOOK NUMBER
Nº do ISBN 9788588652941 v. 2
040 ## - AGÊNCIA CATALOGADORA
Código da Agência Catalogadora BR-CuiBMT
Agência que transcreveu o registro BR-CuiBMT
080 ## - Nº DA CLASSIFICAÇÃO DECIMAL UNIVERSAL
Nº Class. CDU 347.91/.95
Nº edição CDU 2007
090 ## - NÚMERO DE CHAMADA
Nº classificação 347.91/.95
Cutter R332
245 00 - TÍTULO PRINCIPAL
Título principal Reflexões sobre o novo código de processo civil /
Indicação de responsabilidade Geisa de Assis Rodrigues , Robério Nunes dos Anjos Filho, organizadores ; [autores Guilherme Calmon Nogueira da Gama ... et al.].
260 ## - PUBLICAÇÃO, DISTRIBUIÇÃO, ETC.
Local de publicação Brasília :
Editora ESMPU,
Data 2016.
300 ## - DESCRIÇÃO FÍSICA
N. páginas ou volumes 2 v. ;
Dimensões 23 cm
504 ## - NOTA DE BIBLIOGRAFIA, ETC.
Nota de bibliografia Inclui bibliografia.
650 ## - ASSUNTO TÓPICO
Cabeçalho tópico ou nome geográfico Processo civil
Subdivisão geográfica Brasil
650 ## - ASSUNTO TÓPICO
Cabeçalho tópico ou nome geográfico Código de processo civil
Subdivisão geográfica Brasil
700 1# - ENTRADA SECUNDÁRIA -- NOME PESSOAL
Nome pessoal Anjos Filho, Robério Nunes dos
Cód. do termo explicativo org.
700 1# - ENTRADA SECUNDÁRIA -- NOME PESSOAL
Nome pessoal Rodrigues, Geisa de Assis,
Datas associadas ao nome 1968-
Cód. do termo explicativo org.
700 1# - ENTRADA SECUNDÁRIA -- NOME PESSOAL
Nome pessoal Gavronski, Alexandre Amaral
Datas associadas ao nome et al
Cód. do termo explicativo autores
700 1# - ENTRADA SECUNDÁRIA -- NOME PESSOAL
Nome pessoal Gama, Guilherme Calmon Nogueira da
Cód. do termo explicativo et al.
-- autores
942 ## - ELEMENTOS DE ENTRADA ADICIONAIS (KOHA)
Fonte de classificação ou esquema de arquivamento Classificação Decimal Universal
Tipo de item do Koha Livros
Holdings
Estado: removido Estado: perdido Fonte de classificação ou esquema de arquivamento Estado: danificado Indisponível para empréstimo Localização permanente Localização atual Data de aquisição Numeração serial ou cronológica (Volume) Total Checkouts Número de Chamada completo Código de barras Date last seen Número do exemplar Preço efetivo a partir de Tipo de item (Koha)
    Classificação Decimal Universal     Biblioteca da Escola Superior de Contas do TCE/MT Biblioteca da Escola Superior de Contas do TCE/MT 13/11/2023 v. 2   347.91/.95 R332 BIBTCEMT23110525 13/11/2023 Ex. 1 13/11/2023 Livros
    Classificação Decimal Universal     Biblioteca da Escola Superior de Contas do TCE/MT Biblioteca da Escola Superior de Contas do TCE/MT 14/11/2023 v. 1   347.91/.95 R332 BIBTCEMT23110573 14/11/2023 Ex. 1 14/11/2023 Livros

Powered by Koha